000 01437nam a2200313 4500
001 174622
003 ES-MaACL
005 20250831072606.0
008 100512s1879 sp ap |||| | spa d
080 _a27(460)
100 1 _aFlórez, Enrique,
_d1702-1773
_9142679
240 1 0 _aEspaña sagrada
245 1 0 _aEspaña sagrada, continuada por la Real Academia de la Historia.
_nTomo LI,
_pTratado LXXXIX
_b: de los obispos españoles titulares de iglesias in partibus infidelium, ó auxiliares en las de España /
_cobra póstuma del doctor don Carlos Ramon Fort ; coordinada y aumentada por Vicente de la Fuente.
260 _aMadrid :
_bimprenta de José Rodríguez,
_c1879.
300 _aXXXIX, 382 p., [1] h. lám. ;
_c20 cm.
504 _aApéndices, p. 343-365.
504 _aÍndice alfabético de cosas notables del tomo.
530 _aDisponible en formato digital.
546 _aTextos de los apéndices en latín en parte.
650 7 _aHistoria eclesiástica
_2embne
_913400
651 4 _aEspaña-
_xHistoria eclesiástica.
_98368
700 1 _aFort, Carlos Ramón,
_d1807-1878
_951833
700 1 _aFuente, Vicente de la,
_d1817-1889
_952857
710 2 _aReal Academia de la Historia (España)
_96309
852 4 _aES-MaACL
_jR-1617-69
_x C-16767-818
856 _uhttps://archive.org/details/espaasagradate51madr/page/n6
_zInternet Archive
999 _c174622
_d174622